[Event "Zonal"]
[Site "Zagreb zt"]
[Date "1993.??.??"]
[Round "10"]
[White "Gofshtein, Zeev-Alon"]
[Black "Smirin, Ilia"]
[Result "1/2-1/2"]
[WhiteElo "2560"]
[BlackElo "2590"]
[PlyCount "29"]
[EventDate "1993.??.??"]
[Source "www.chesslib.no"]
[SourceDate "2004.05.04"]

1. d4 Nf6 2. Nf3 g6 3. g3 Bg7 4. Bg2 O-O 5. O-O d5 6. c4 e5 7. cxd5 c5 8. Re1 Qd7 9. Nc3 Qe8 10. Bh1 Na6 11. dxc5 b6 12. Nh4 Qe7 13. Rf1 Bb7 14. Bd2 Rac8 15. Qc2 1/2-1/2

[Event "Montreal 3rd"]
[Site "Montreal"]
[Date "2002.08.02"]
[Round "8"]
[White "Nogueiras, Jesus"]
[Black "Ftacnik, Lubomir"]
[Result "1/2-1/2"]
[WhiteElo "2546"]
[BlackElo "2602"]
[PlyCount "46"]
[EventDate "2002.07.25"]
[Source "ChessBase"]
[SourceDate "2002.11.12"]

1. Nf3 Nf6 2. c4 g6 3. g3 Bg7 4. Bg2 O-O 5. O-O d5 6. d4 dxc4 7. Na3 c3 8. bxc3 c5 9. e3 Nc6 10. Qe2 Nd5 11. Bb2 Nb6 12. Rfd1 Na4 13. Rac1 Nxb2 14. Qxb2 Qb6 15. Qb5 cxd4 16. cxd4 Qxb5 17. Nxb5 Bd7 18. a4 Rfd8 19. Nd2 Bg4 20. Bf3 Bxf3 21. Nxf3 Rd7 22. Nd2 Na5 23. Nc4 Nxc4 1/2-1/2

[Event "Kottnauer mem"]
[Site "Prague"]
[Date "1996.??.??"]
[Round "4"]
[White "Andersson, Ulf"]
[Black "Stohl, Igor"]
[Result "1/2-1/2"]
[WhiteElo "2630"]
[BlackElo "2515"]
[PlyCount "44"]
[EventDate "1996.06.??"]
[Source "ChessBase"]

1. d4 Nf6 2. Nf3 g6 3. g3 Bg7 4. Bg2 O-O 5. O-O d5 6. c4 dxc4 7. Na3 Na6 8. Nxc4 c5 9. b3 Bf5 10. Bb2 Be4 11. Qd2 Qc7 12. Rac1 Rad8 13. Qe3 cxd4 14. Nxd4 Bxg2 15. Kxg2 Nb4 16. Qf3 Nxa2 17. Ra1 Nb4 18. Rxa7 Nfd5 19. e4 Bxd4 20. Bxd4 Nc6 21. exd5 Nxd4 22. Qe4 Nb5 1/2-1/2

[Event "New York op"]
[Site "New York"]
[Date "1990.??.??"]
[Round "7"]
[White "Alburt, Lev O"]
[Black "Olafsson, Helgi"]
[Result "0-1"]
[WhiteElo "2565"]
[BlackElo "2575"]
[PlyCount "84"]
[EventDate "1990.04.??"]
[Source "ChessBase"]

1. g3 g6 2. Bg2 Bg7 3. d4 d5 4. Nf3 Nf6 5. c4 O-O 6. O-O dxc4 7. Na3 c3 8. bxc3 c5 9. Ne5 Nc6 10. Nxc6 bxc6 11. Bxc6 Bh3 12. Re1 Rc8 13. Bf3 Nd5 14. Qb3 Nxc3 15. Bb7 Rb8 16. Bf4 Qxd4 17. Bxb8 Rxb8 18. Rad1 Nxd1 19. Rxd1 Qb2 20. Rb1 Qxe2 21. Qb5 Qxa2 22. Qxc5 Rxb7 23. Rxb7 Qe2 24. Rb8+ Bf8 25. Qc1 Qf3 26. Rxf8+ Kxf8 27. Qh6+ Kg8 28. Qxh3 Qxa3 29. Qc8+ Kg7 30. Qc4 Qa1+ 31. Kg2 a5 32. g4 e6 33. h4 h6 34. f4 Qb2+ 35. Kf3 Qa3+ 36. Kg2 Qb4 37. Qc7 Qe4+ 38. Kf2 Qd4+ 39. Kf3 a4 40. h5 gxh5 41. gxh5 a3 42. Qc2 Qb2 0-1

[Event "6th ch-PriFO Men"]
[Site "Kazan RUS"]
[Date "2008.01.29"]
[Round "7"]
[White "Khismatullin, D."]
[Black "Kokarev, Dm"]
[Result "1/2-1/2"]
[WhiteElo "2564"]
[BlackElo "2574"]
[PlyCount "67"]
[EventDate "2008.01.23"]
[Source "www.chesslib.no"]
[SourceDate "2004.05.04"]

1. d4 Nf6 2. c4 g6 3. g3 Bg7 4. Bg2 d5 5. Nf3 O-O 6. O-O dxc4 7. Na3 c3 8. bxc3 c5 9. e3 Nc6 10. Qe2 cxd4 11. cxd4 Be6 12. Bb2 Bd5 13. Rfc1 Qb6 14. Nc4 Qa6 15. Bf1 Rac8 16. Nfd2 Na5 17. f3 Nxc4 18. Nxc4 Bh6 19. Kf2 Qe6 20. Ne5 Bxa2 21. Bc3 Bb3 22. Bd2 a6 23. e4 Bxd2 24. Qxd2 Nd7 25. Nxd7 Qxd7 26. Qb4 Rc2+ 27. Rxc2 Bxc2 28. Ra5 e6 29. Ke3 Rc8 30. Rc5 Rxc5 31. Qxc5 Ba4 32. d5 exd5 33. exd5 b6 34. Qxb6 1/2-1/2

[Event "Hoogovens"]
[Site "Wijk aan Zee"]
[Date "1978.??.??"]
[Round "?"]
[White "Andersson, Ulf"]
[Black "Timman, Jan H"]
[Result "1/2-1/2"]
[WhiteElo "2545"]
[BlackElo "2585"]
[PlyCount "66"]
[EventDate "1978.01.??"]
[Source "ChessBase"]

1. Nf3 Nf6 2. c4 g6 3. g3 Bg7 4. Bg2 O-O 5. O-O d5 6. d4 Nc6 7. Na3 dxc4 8. Nxc4 Nd5 9. Nce5 Nxe5 10. Nxe5 Be6 11. Nf3 Nb4 12. Bd2 Nc6 13. Bc3 Bd5 14. e3 e6 15. Qe2 f5 16. Rfd1 Qe7 17. Ne1 Rad8 18. f3 Kh8 19. Nc2 e5 20. dxe5 Bxe5 21. Bxe5+ Qxe5 22. Nd4 Rfe8 23. Nxc6 Bxc6 24. f4 Qc5 25. Rxd8 Rxd8 26. Bxc6 Qxc6 27. Rd1 Re8 28. Kf2 Kg7 29. Qd2 Qf6 30. Qd4 Qxd4 31. Rxd4 Kf6 32. h3 Re7 33. Kf3 Re6 1/2-1/2

[Event "OHRA"]
[Site "Amsterdam"]
[Date "1983.??.??"]
[Round "?"]
[White "Timman, Jan H"]
[Black "Henley, Ron W"]
[Result "1-0"]
[WhiteElo "2605"]
[BlackElo "2525"]
[PlyCount "77"]
[EventDate "1983.07.??"]
[Source "ChessBase"]

1. Nf3 Nf6 2. d4 g6 3. c4 Bg7 4. g3 O-O 5. Bg2 d5 6. O-O dxc4 7. Na3 Na6 8. Nxc4 c5 9. dxc5 Be6 10. Nce5 Nxc5 11. Be3 Qa5 12. Bd4 Bd5 13. e3 Nfe4 14. Bxc5 Qxc5 15. Nd7 Qb5 16. Nxf8 Rxf8 17. Ng5 f5 18. a4 Qc6 19. Rc1 Qd6 20. Nxe4 fxe4 21. Qd2 Qe5 22. b4 e6 23. Rc2 h5 24. Rfc1 Rf7 25. Rc8+ Bf8 26. Qd4 Qf5 27. R1c2 b6 28. R8c7 Bg7 29. Rxf7 Qxf7 30. Qd2 Kh7 31. Rc1 Qe7 32. Qc2 Qb7 33. Qc8 Qe7 34. Qc2 Qb7 35. Qc7 Qa6 36. Qd7 Qe2 37. Rc7 Qb2 38. Rxa7 Bc4 39. h4 1-0

[Event "Varna m"]
[Site "Varna BUL"]
[Date "1987.??.??"]
[Round "2"]
[White "Georgiev, Kiril D"]
[Black "Ftacnik, Lubomir"]
[Result "1/2-1/2"]
[WhiteElo "2590"]
[BlackElo "2540"]
[PlyCount "84"]
[EventDate "1987.05.??"]
[Source "www.chesslib.no"]
[SourceDate "2004.05.04"]

1. d4 Nf6 2. c4 g6 3. Nf3 Bg7 4. g3 O-O 5. Bg2 d5 6. O-O dxc4 7. Na3 Na6 8. Nxc4 c5 9. dxc5 Be6 10. Nfe5 Nxc5 11. Be3 Rc8 12. Rc1 Nd5 13. Bd4 b6 14. Qd2 f6 15. Nf3 Ne4 16. Qd3 Nd6 17. Ncd2 Qd7 18. a3 Nb5 19. a4 Nxd4 20. Qxd4 Rxc1 21. Rxc1 Rc8 22. Rxc8+ Qxc8 23. e4 Nc7 24. Bf1 Bh6 25. a5 Bxd2 26. Nxd2 Qd7 27. Qb4 bxa5 28. Qxa5 Kf7 29. e5 Nd5 30. exf6 exf6 31. Ne4 Qc7 32. Qa3 Qe7 33. Nd6+ Kg8 34. Nb5 Qxa3 35. bxa3 a5 36. Bc4 Nc7 37. Bxe6+ Nxe6 38. Kf1 Kf7 39. Nd6+ Ke7 40. Nc4 a4 41. Ke2 Nd4+ 42. Kd3 Nb5 1/2-1/2

[Event "Vinkovci"]
[Site "Vinkovci"]
[Date "1995.??.??"]
[Round "?"]
[White "Kurajica, Bojan"]
[Black "Palac, Mladen"]
[Result "0-1"]
[WhiteElo "2585"]
[BlackElo "2545"]
[PlyCount "66"]
[EventDate "1995.04.??"]
[Source "ChessBase"]

1. d4 Nf6 2. Nf3 g6 3. g3 Bg7 4. Bg2 O-O 5. O-O d5 6. c4 dxc4 7. Na3 c3 8. bxc3 c5 9. e3 Nc6 10. Qe2 Bf5 11. Rd1 Be4 12. Bb2 Qb6 13. Nc4 Qa6 14. Bf1 cxd4 15. cxd4 Rac8 16. Nfd2 Na5 17. Na3 Qxe2 18. Bxe2 Bd5 19. Bd3 Nd7 20. Rdb1 Nb6 21. Nb5 a6 22. Nc3 Be6 23. Nce4 Nbc4 24. Bc3 Bf5 25. Rc1 Rfd8 26. Bf1 b5 27. Nxc4 Nxc4 28. Nc5 Rd6 29. a4 e5 30. axb5 axb5 31. dxe5 Nxe5 32. Bxe5 Bxe5 33. Ra5 Bb2 0-1

[Event "Capablanca mem Elite"]
[Site "Havana"]
[Date "1999.05.18"]
[Round "10"]
[White "Slobodjan, Roman"]
[Black "Atalik, Suat"]
[Result "1/2-1/2"]
[WhiteElo "2536"]
[BlackElo "2593"]
[PlyCount "21"]
[EventDate "1999.05.??"]
[Source "ChessBase"]
[SourceDate "1999.08.01"]

1. d4 Nf6 2. Nf3 g6 3. g3 Bg7 4. Bg2 O-O 5. O-O d5 6. c4 dxc4 7. Na3 Nc6 8. Nxc4 Be6 9. b3 Bd5 10. Bb2 a5 11. a4 1/2-1/2

[Event "Aubervilliers"]
[Site "?"]
[Date "2002.01.27"]
[Round "8"]
[White "Barsov Alexei"]
[Black "Lalic Bogdan"]
[Result "0-1"]
[WhiteElo "2525"]
[BlackElo "2604"]
[PlyCount "42"]
[EventDate "2002.??.??"]
[Source "www.chesslib.no"]
[SourceDate "2004.05.04"]

1. d4 Nf6 2. c4 g6 3. Nf3 Bg7 4. g3 d5 5. Bg2 dxc4 6. Na3 O-O 7. O-O Nc6 8. Nxc4 Be6 9. b3 a5 10. a4 Bd5 11. e3 Qb8 12. Qe2 b5 13. axb5 Qxb5 14. Nfd2 Bxg2 15. Kxg2 e5 16. dxe5 Nxe5 17. Bb2 Nfd7 18. Rfb1 Rfd8 19. f4 Nxc4 20. Qxc4 Qb7+ 21. Qe4 Nc5 0-1

[Event "Beersheba 16th"]
[Site "Beersheba"]
[Date "1997.02.28"]
[Round "5"]
[White "Mikhalevski, Victor"]
[Black "Dvoirys, Semen I"]
[Result "0-1"]
[WhiteElo "2535"]
[BlackElo "2590"]
[PlyCount "174"]
[EventDate "1997.02.24"]
[Source "ChessBase"]

1. d4 Nf6 2. Nf3 g6 3. g3 Bg7 4. Bg2 O-O 5. c4 d5 6. O-O Nc6 7. Na3 dxc4 8. Nxc4 Be6 9. b3 Bd5 10. Bb2 a5 11. Nfe5 Bxg2 12. Kxg2 a4 13. f3 Na5 14. e4 Nd7 15. Nxa5 Rxa5 16. Nc4 Ra6 17. b4 Nb6 18. Na3 e6 19. Qe2 Qe7 20. Bc3 Rd8 21. Rfd1 Rd7 22. Rd3 Ra8 23. Rad1 Rad8 24. Qe3 Qe8 25. Qg5 h6 26. Qe3 Qe7 27. Be1 Rd6 28. Qg1 Qd7 29. Bf2 Qe8 30. Be3 R6d7 31. Qf2 Rd6 32. Qb2 f5 33. Qe2 g5 34. Bf2 fxe4 35. fxe4 Qg6 36. Nb5 R6d7 37. Na3 Bf8 38. Nc2 Nc4 39. Rf3 Nd6 40. Re1 Bg7 41. h3 c6 42. e5 Nb5 43. Qe4 Qxe4 44. Rxe4 Rf8 45. Ree3 Rd5 46. Rxf8+ Bxf8 47. Rd3 Be7 48. Kf3 Rd8 49. Be1 Kg7 50. Ke4 h5 51. Na3 Nc7 52. Nc4 Nd5 53. a3 g4 54. hxg4 hxg4 55. Ne3 Nxe3 56. Kxe3 Rf8 57. Ke2 Kg6 58. Rc3 Kf7 59. Kd3 Rh8 60. Rc2 Rh1 61. Rf2+ Kg6 62. Ke2 Rh8 63. Kd3 Bg5 64. Ke2 Rd8 65. Kd3 Kg7 66. Bd2 Bxd2 67. Rxd2 Rf8 68. Ke4 Rf3 69. Rd3 Rf1 70. Rc3 Kg6 71. Re3 Kg5 72. Rc3 Rb1 73. Re3 Rc1 74. Rd3 b6 75. Re3 c5 76. dxc5 bxc5 77. bxc5 Rxc5 78. Rd3 Rc4+ 79. Rd4 Rxd4+ 80. Kxd4 Kf5 81. Kd3 Kxe5 82. Ke3 Kd5 83. Kf4 e5+ 84. Kxg4 e4 85. Kh3 Kd4 86. Kg2 Kd3 87. Kf1 Kd2 0-1